| 000 | 00393nam a2200133Ia 4500 | ||
|---|---|---|---|
| 008 | 220217s9999 xx 000 0 und d | ||
| 100 | _aLeni Lal | ||
| 245 | 0 | _aStudies on factors affecting the quality of radiation vulcanized altex | |
| 260 |
_bMahatma Gandhi University _a Kottayam _c2010 |
||
| 500 | _aAvailable in RT | ||
| 500 | _aCourse: B.Tech | ||
| 700 | _aDr Rosamma Alex | ||
| 942 | _cTS | ||
| 999 |
_c74414 _d74414 |
||